Sentimientos y paisajes /
Guardado en:
| Autor Principal: | |
|---|---|
| Formato: | Libro |
| Publicado: |
Mexico :
, 0
|
| Materias: | |
| Etiquetas: |
Agregar Etiqueta
Sin Etiquetas, Sea el primero en etiquetar este registro!
|
| LEADER | 00385nam a22001455a 4500 | ||
|---|---|---|---|
| 001 | EHU.bham019421 | ||
| 003 | AR-BHAM | ||
| 005 | 20101117165930.0 | ||
| 008 | 130507b######################000#0#####d | ||
| 100 | 1 | |a Lomeli, Plutarco | |
| 245 | 1 | 0 | |a Sentimientos y paisajes / |c Plutarco Lomeli |
| 260 | |a Mexico : |b , 0 | ||
| 653 | |a Poesia mexicana-1911- | ||
| 859 | |a AR-BHAM |b BIB. HUMANIDADES - General | ||
